[Event "AUTO-ELITE-2216"]
[Site "http://www.queenalice.com/game.php?id=1604235"]
[Date "2020.3.26"]
[Round "1"]
[White "speedmaxL"]
[Black "Tamise"]
[Result "1-0"]
[WhiteElo "2475"]
[BlackElo "2305"]

1. e4 d6 2. d4 Nf6 3. Bd3 e5 4. c3 d5 5. dxe5 Nxe4 6. Nf3 Nc6 7. Nbd2 Nc5 8. Be2
d4 9. cxd4 Nxd4 10. Nxd4 Qxd4 11. O-O Bf5 12. Qe1 Be7 13. Nf3 Qd7 14. Be3 O-O
15. Nd4 Bg6 16. Rd1 Qc8 17. f4 Be4 18. f5 f6 19. e6 a5 20. Qg3 c6 21. Bh6 g6 22.
fxg6 Bxg6 23. Nf5 1-0

[Event "AUTO-ELITE-2147"]
[Site "http://www.queenalice.com/game.php?id=1604479"]
[Date "2020.3.27"]
[Round "2"]
[White "ArmandoFerreira"]
[Black "Tamise"]
[Result "1-0"]
[WhiteElo "2821"]
[BlackElo "2309"]

1. e4 d6 2. d4 Nf6 3. Bd3 e5 4. d5 Be7 5. c4 O-O 6. Nc3 a5 7. Nf3 Na6 8. O-O Nc5
9. Bc2 Ne8 10. h3 Bd7 11. Be3 b6 12. a3 f5 13. exf5 Bxf5 14. Bxf5 Rxf5 15. b4
axb4 16. axb4 Rxa1 17. Qxa1 Nd7 18. Qa4 h6 19. Ra1 Rf8 20. Ra3 Bf6 21. Qc2 Qe7
22. Nb5 Qf7 23. Ra8 g5 24. Nd2 Bg7 25. Ra7 1-0

[Event "AUTO-ELITE-2147"]
[Site "http://www.queenalice.com/game.php?id=1604480"]
[Date "2020.3.27"]
[Round "2"]
[White "Tamise"]
[Black "ArmandoFerreira"]
[Result "0-1"]
[WhiteElo "2310"]
[BlackElo "2820"]

1. Nf3 e6 2. c4 Nf6 3. g3 d5 4. Bg2 d4 5. O-O c5 6. e3 Nc6 7. exd4 cxd4 8. d3
Be7 9. Na3 O-O 10. Re1 Bd6 11. Nc2 a5 12. b3 e5 13. Ba3 Bg4 14. h3 Bf5 15. Qd2
h6 16. Kh2 Bh7 17. Bxd6 Qxd6 18. a3 e4 19. dxe4 Nxe4 20. Qd1 Rad8 0-1

[Event "AUTO-ELITE-2202"]
[Site "http://www.queenalice.com/game.php?id=1609523"]
[Date "2020.4.26"]
[Round "2"]
[White "Tamise"]
[Black "Sacapiece"]
[Result "1-0"]
[WhiteElo "2317"]
[BlackElo "2252"]

1. Nf3 d5 2. c4 c6 3. g3 Bg4 4. Bg2 Nd7 5. cxd5 cxd5 6. Nc3 Ngf6 7. Qb3 Bxf3 8.
Bxf3 Nb6 9. O-O e6 10. d3 Be7 11. e4 O-O 12. exd5 Nfxd5 13. Nxd5 exd5 14. Bf4
Bd6 15. Be3 Qf6 16. Kg2 d4 17. Bd2 Rab8 18. Rac1 Nd7 19. Qd5 Nb6 20. Qb5 h6 21.
Qb3 Rfd8 22. Rfe1 Nd7 23. Bb4 Ne5 24. Be4 Bxb4 25. Qxb4 Qa6 26. Qb3 Rd7 27. Bf5
Re7 28. f4 Nc6 29. Be4 Qa5 30. Re2 Rbe8 31. Rf2 Qa6 32. Qc4 Qxc4 33. Rxc4 Rd8
34. Bxc6 bxc6 35. Rxc6 Re3 36. Rd2 Rde8 37. Ra6 Re2+ 38. Rxe2 Rxe2+ 39. Kf3 Rxb2
40. Rxa7 Rxh2 41. a4 f5 42. Rd7 Ra2 43. Rxd4 Kf7 44. Rd5 Rxa4 45. Rxf5+ Ke6 46.
Re5+ Kd6 47. g4 g5 48. Re4 Ra3 49. Rd4+ Ke6 50. f5+ Ke5 51. Re4+ Kf6 52. Re6+
Kg7 53. Ke4 Ra1 54. d4 Rg1 55. d5 Rxg4+ 56. Ke5 Rg1 57. Re7+ Kf8 58. Kf6 Ra1 59.
Rc7 Ke8 60. Kg7 Kd8 61. d6 Ra6 62. f6 Rxd6 63. Ra7 1-0

[Event "AUTO-ELITE-2202"]
[Site "http://www.queenalice.com/game.php?id=1609524"]
[Date "2020.4.26"]
[Round "2"]
[White "Sacapiece"]
[Black "Tamise"]
[Result "0-1"]
[WhiteElo "2263"]
[BlackElo "2292"]

1. e4 d6 2. d4 Nf6 3. Nc3 e5 4. Nf3 Nbd7 5. Bc4 Be7 6. O-O O-O 7. Re1 c6 8. a4
a5 9. h3 Nb6 10. Bb3 Nfd7 11. Qe2 exd4 12. Nxd4 Nc5 13. Bf4 Bf6 14. e5 dxe5 15.
Bxe5 Nxb3 16. Nxb3 Be6 17. Rad1 Qe7 18. Bxf6 Qxf6 19. Nd4 Bd5 20. Qg4 Rfe8 21.
Nxd5 Nxd5 22. Qd7 Re7 23. Rxe7 Qxe7 24. Qxe7 Nxe7 25. Re1 Kf8 26. Kf1 Rd8 27. c3
Rd5 28. Re3 Nf5 29. Nxf5 Rxf5 30. Ke2 Rd5 31. Re4 f5 32. Re3 Kf7 33. f4 g6 34.
g4 fxg4 35. hxg4 h5 36. gxh5 Rxh5 37. b4 Rh2+ 38. Kd3 Ra2 39. bxa5 Rxa4 40. Rf3
Kf6 41. Rf2 Rxa5 42. c4 Ra3+ 43. Kd4 Rb3 44. Kc5 Kf5 45. Rf1 Rb2 46. Kd6 Rd2+
47. Kc5 Rc2 48. Kd4 b5 49. cxb5 cxb5 50. Rb1 Kxf4 51. Rf1+ Kg3 52. Rb1 g5 53.
Rxb5 g4 54. Ke3 Kg2 0-1

[Event "AUTO-ELITE-2202"]
[Site "http://www.queenalice.com/game.php?id=1609525"]
[Date "2020.4.26"]
[Round "2"]
[White "Tamise"]
[Black "Matt24"]
[Result "0-1"]
[WhiteElo "2264"]
[BlackElo "2629"]

1. Nf3 Nf6 2. c4 e6 3. g3 d5 4. Bg2 Be7 5. O-O O-O 6. b3 d4 7. e3 c5 8. Bb2 Nc6
9. exd4 cxd4 10. Re1 Re8 11. d3 Bc5 12. Ba3 Nd7 13. Nfd2 Qe7 14. Bxc5 Nxc5 15.
Ne4 Nd7 16. Qc1 Nde5 17. Rd1 f5 18. Ng5 Bd7 19. Na3 Nb4 20. Bf1 Qxg5 0-1

[Event "AUTO-ELITE-2202"]
[Site "http://www.queenalice.com/game.php?id=1609526"]
[Date "2020.4.26"]
[Round "2"]
[White "Matt24"]
[Black "Tamise"]
[Result "1-0"]
[WhiteElo "2628"]
[BlackElo "2272"]

1. d4 d6 2. Nf3 Nf6 3. c4 Nbd7 4. Nc3 e5 5. e4 Be7 6. d5 O-O 7. Be2 c5 8. O-O
Ne8 9. Be3 g6 10. a3 Ng7 11. Qd2 f5 12. Bh6 f4 13. b4 Rf7 14. Ra2 g5 15. h3 b6
16. Rfa1 Nf8 17. bxc5 bxc5 18. Rb2 g4 19. hxg4 Bxg4 20. Nxe5 dxe5 21. Bxg4 Bg5
22. Bxg7 Rxg7 23. d6 1-0

[Event "AUTO-ELITE-2176"]
[Site "http://www.queenalice.com/game.php?id=1613215"]
[Date "2020.5.22"]
[Round "2"]
[White "jandamian"]
[Black "Tamise"]
[Result "1-0"]
[WhiteElo "2784"]
[BlackElo "2277"]

1. e4 d6 2. d4 Nf6 3. Nc3 e5 4. Nf3 Nbd7 5. a4 Be7 6. Be2 O-O 7. O-O c6 8. Re1
a5 9. h3 Qc7 10. Be3 Re8 11. d5 Nc5 12. Bxc5 dxc5 13. Nd2 Rd8 14. Bc4 cxd5 15.
exd5 Bd6 16. Bd3 Bd7 17. Nc4 b6 18. Qf3 Re8 19. Bf5 Bf8 20. Bxd7 Nxd7 21. Nb5
Qb8 22. d6 1-0

[Event "AUTO-ELITE-2176"]
[Site "http://www.queenalice.com/game.php?id=1613216"]
[Date "2020.5.22"]
[Round "2"]
[White "Tamise"]
[Black "jandamian"]
[Result "0-1"]
[WhiteElo "2334"]
[BlackElo "2788"]

1. Nf3 Nf6 2. c4 g6 3. b3 Bg7 4. Bb2 O-O 5. g3 b6 6. Bg2 Bb7 7. O-O e6 8. Nc3 d5
9. cxd5 exd5 10. d4 Nbd7 11. Rc1 Qe7 12. Nb5 c6 13. Ba3 c5 14. dxc5 bxc5 15. Qc2
Rac8 16. Nxa7 Ra8 17. Nb5 Ne4 18. Ne1 Bc6 19. Bxe4 Bxb5 20. Bxc5 Qxe4 21. Bxf8
Nxf8 22. Qxe4 dxe4 23. Rc2 Ne6 24. e3 f5 25. Kg2 Bxf1+ 26. Kxf1 Kf7 27. Ke2 Be5
28. h4 Nc7 29. f4 Bd6 30. Rb2 Nd5 31. Rd2 Ke6 32. Nc2 Nc3+ 33. Kf2 Rxa2 0-1

[Event "AUTO-ELITE-2176"]
[Site "http://www.queenalice.com/game.php?id=1613219"]
[Date "2020.5.22"]
[Round "2"]
[White "Tamise"]
[Black "BEBADO"]
[Result "1-0"]
[WhiteElo "2263"]
[BlackElo "2324"]

1. Nf3 Nf6 2. c4 e6 3. g3 b6 4. Bg2 Bb7 5. O-O c5 6. Nc3 Be7 7. d4 cxd4 8. Qxd4
O-O 9. Rd1 d6 10. Bg5 Nbd7 11. Nb5 Ne5 12. Nxd6 Bxf3 13. Bxf3 Nxf3+ 14. exf3 Qc7
15. Nb5 Qb7 16. Kg2 Qc6 17. b3 h6 18. Bf4 Rfd8 19. Qc3 a5 20. Nd4 Qb7 21. Nb5
Rac8 22. Nd6 Bxd6 23. Rxd6 Nh5 24. Rxd8+ Rxd8 25. Be3 Nf6 26. Bxh6 Ne4 27. Qxg7#
1-0

[Event "AUTO-ELITE-2176"]
[Site "http://www.queenalice.com/game.php?id=1613220"]
[Date "2020.5.22"]
[Round "2"]
[White "BEBADO"]
[Black "Tamise"]
[Result "1-0"]
[WhiteElo "2272"]
[BlackElo "2284"]

1. e4 d6 2. d4 Nf6 3. Nc3 e5 4. dxe5 dxe5 5. Qxd8+ Kxd8 6. Bc4 Ke8 7. Nf3 Bd6 8.
Bd2 c6 9. a4 a5 10. O-O Ke7 11. Nh4 g6 12. Rad1 Bc5 13. Nf3 Nfd7 14. Rfe1 f6 15.
Be3 Bb4 16. Nd2 Nc5 17. f3 1-0

[Event "AUTO-MASTER-2836"]
[Site "http://www.queenalice.com/game.php?id=1633790"]
[Date "2020.11.22"]
[Round "2"]
[White "Tamise"]
[Black "Lamorteoscura77"]
[Result "1-0"]
[WhiteElo "2333"]
[BlackElo "2143"]

1. Nf3 d5 2. c4 d4 3. b4 Bg4 4. Qb3 a5 5. b5 a4 6. Qd3 e6 7. Qxd4 Bxf3 8. Qxd8+
Kxd8 9. gxf3 c5 10. Bb2 f6 11. f4 Bd6 12. e3 Nh6 13. Bg2 Kc7 14. Na3 Nd7 15. Ke2
Rad8 16. Rhd1 Nf5 17. Be4 b6 18. Nb1 Ne7 19. Bc2 Ra8 20. a3 e5 21. fxe5 Nxe5 22.
d3 h5 23. Nc3 g5 24. Ne4 Rhf8 25. d4 Nxc4 26. dxc5 Bxc5 27. Bxf6 Rae8 28. Bxg5
Nxa3 29. Nxc5 Nxc2 30. Na6+ Kc8 31. Rac1 1-0

[Event "AUTO-MASTER-2836"]
[Site "http://www.queenalice.com/game.php?id=1633791"]
[Date "2020.11.22"]
[Round "2"]
[White "Lamorteoscura77"]
[Black "Tamise"]
[Result "0-1"]
[WhiteElo "2056"]
[BlackElo "2330"]

1. d4 d6 2. e4 Nf6 3. Nc3 e5 4. dxe5 dxe5 5. Qxd8+ Kxd8 6. Bg5 c6 7. O-O-O+ Ke8
8. Nf3 Nbd7 9. Bh4 Bb4 10. Bc4 Ba5 11. a3 Bc7 0-1

[Event "AUTO-ELITE-2294"]
[Site "http://www.queenalice.com/game.php?id=1636919"]
[Date "2020.12.18"]
[Round "1"]
[White "mascarade"]
[Black "Tamise"]
[Result "1-0"]
[WhiteElo "2241"]
[BlackElo "2339"]

1. e4 d6 2. d4 Nf6 3. Nc3 e5 4. Nf3 Nbd7 5. Bc4 Be7 6. O-O O-O 7. a4 c6 8. h3 a5
9. Be3 Qc7 10. Nd2 Nb6 11. Bd3 Nfd7 12. f4 exd4 13. Bxd4 Nc5 14. Qf3 Ne6 15. Bf2
Bf6 16. Qg3 Nd7 17. Rae1 Bxc3 18. bxc3 Nec5 19. Bd4 f6 20. Bc4+ Kh8 21. e5 b5
22. Ba2 dxe5 23. fxe5 Ba6 24. Rf4 fxe5 25. Rg4 1-0

[Event "AUTO-ELITE-2294"]
[Site "http://www.queenalice.com/game.php?id=1636920"]
[Date "2020.12.18"]
[Round "1"]
[White "Tamise"]
[Black "mascarade"]
[Result "0-1"]
[WhiteElo "2307"]
[BlackElo "2302"]

1. Nf3 e6 2. c4 Nf6 3. g3 d5 4. Bg2 d4 5. O-O c5 6. e3 Nc6 7. exd4 cxd4 8. d3
Be7 9. Re1 Nd7 10. Na3 e5 11. Nc2 O-O 12. b4 Nxb4 13. Nxe5 Nxe5 14. Rxe5 Bd6 15.
Rb5 Nc6 16. Rab1 Qc7 17. Bb2 a6 18. Rh5 Be5 19. Qe2 g6 20. Bxc6 gxh5 21. Be4 Bg4
22. Qd2 Qb6 23. Qc1 Rfe8 24. Bxd4 Qf6 25. Rb6 Be6 26. Be3 Rab8 27. Qd1 Bg4 28.
Qb1 Re6 29. Rxb7 Ree8 30. f4 Bb2 31. Rb3 Rxb3 32. axb3 a5 33. Bf2 Rb8 34. Kg2
Rxb3 35. Nd4 Rb8 36. Nc6 Re8 37. h3 Bd7 38. Nxa5 h4 39. g4 Rb8 40. Be3 h5 41. c5
hxg4 42. hxg4 Bxg4 43. Nc4 Qg7 0-1

[Event "AUTO-ELITE-2294"]
[Site "http://www.queenalice.com/game.php?id=1636923"]
[Date "2020.12.18"]
[Round "1"]
[White "Rhavstur"]
[Black "Tamise"]
[Result "1-0"]
[WhiteElo "2563"]
[BlackElo "2291"]

1. Nf3 d6 2. g3 c5 3. Bg2 g6 4. O-O Bg7 5. d3 Nc6 6. e4 e5 7. c3 Nge7 8. a3 O-O
9. b4 h6 10. b5 Na5 11. c4 f5 12. Nc3 f4 13. Bd2 g5 14. h3 Be6 15. Rb1 b6 16.
Nd5 g4 17. Nxe7+ Qxe7 18. Nh4 gxh3 19. Bf3 Qd7 20. gxf4 exf4 21. Kh1 h2 22. Kxh2
Qd8 23. Ng6 Bf7 24. Nxf8 Qh4+ 25. Kg2 Qg5+ 26. Kh3 Kxf8 27. Rh1 1-0

[Event "AUTO-ELITE-2294"]
[Site "http://www.queenalice.com/game.php?id=1636924"]
[Date "2020.12.18"]
[Round "1"]
[White "Tamise"]
[Black "Rhavstur"]
[Result "0-1"]
[WhiteElo "2295"]
[BlackElo "2560"]

1. Nf3 Nf6 2. c4 g6 3. b3 Bg7 4. Bb2 O-O 5. g3 d6 6. Bg2 e5 7. O-O Nc6 8. Nc3
Re8 9. d3 Nd4 10. e3 Nxf3+ 11. Qxf3 c6 12. e4 h5 13. h3 Be6 14. Qe2 h4 15. g4 a5
16. f4 exf4 17. Rxf4 Nd7 18. Kh1 b5 19. cxb5 cxb5 20. Raf1 Be5 21. R4f3 Qb6 22.
Qf2 Rac8 23. Qd2 a4 0-1

[Event "AUTO-ELITE-2300"]
[Site "http://www.queenalice.com/game.php?id=1639160"]
[Date "2021.1.7"]
[Round "1"]
[White "Tamise"]
[Black "pt58"]
[Result "0-1"]
[WhiteElo "2315"]
[BlackElo "2438"]

1. Nf3 Nf6 2. c4 g6 3. b3 Bg7 4. Bb2 O-O 5. g3 d6 6. d4 Nbd7 7. Bg2 e5 8. Nc3 e4
9. Nd2 e3 10. fxe3 Re8 11. e4 Ng4 12. Nf1 c5 13. e3 Ndf6 14. Qd3 cxd4 15. exd4
b5 16. h3 bxc4 17. bxc4 Rb8 18. Bc1 d5 19. cxd5 Qa5 20. Bd2 Ba6 21. Qf3 Nh6 22.
Ne3 Rb2 23. Rd1 Rxd2 24. Rxd2 Qxc3 25. e5 Nh5 0-1

[Event "AUTO-ELITE-2300"]
[Site "http://www.queenalice.com/game.php?id=1639161"]
[Date "2021.1.7"]
[Round "1"]
[White "pt58"]
[Black "Tamise"]
[Result "1-0"]
[WhiteElo "2432"]
[BlackElo "2324"]

1. e4 d6 2. d4 Nf6 3. Nc3 e5 4. Nf3 Nbd7 5. Bc4 Be7 6. O-O O-O 7. Re1 c6 8. a4
a5 9. h3 Nb6 10. Ba2 Nfd7 11. Be3 exd4 12. Bxd4 Nc5 13. Bxc5 dxc5 14. Qe2 Qd6
15. Rad1 Qg6 16. Kf1 Qh6 17. Nd2 Be6 18. Bxe6 fxe6 19. Kg1 Rf6 20. e5 Rg6 21.
Kh2 Rf8 22. g3 Nd5 23. Nce4 Rf5 24. c4 Rh5 25. Qf1 Nb4 26. Nf3 Rf5 27. Rd7 Rxf3
28. Rxe7 Nc2 29. Re8+ Rf8 30. Rxf8+ Kxf8 31. Qd3 Nd4 32. Nxc5 1-0